000 00908nam a2200229 a 4500
001 BRCA_3291
005 20190320204215.0
008 270309s2008----fr-a---###---#000-0#eng-#
020 _a9782757201756
041 _aeng
044 _afr
050 4 _aND546
_b.V65 2008
245 1 0 _aLa Volupté Du Goût
_bFrench Painting in the Age of Madame de Pompadour.
260 _aParís
_bSomogy Éditions d´Art : Musée des Beaux-Arts : Portland Art Museum
_c2008
300 _a215 p.
_bil. a color
_c29 cm.
500 _aCatálogo de la exposición realizada en el Musée des Beaux-Arts (Tours), 11 octubre, 2008 - 12 enero, 2009 y en Portland Art Museum (Oregon), 7 febrero - 17 mayo, 2009
500 _aInluye biografías
504 _aBibliografía: p. 210-215
650 1 4 _aPintura francesa
_vExposiciones
_ySiglo XVIII
_98719
650 1 4 _aPintura
_vCatálogos
_ySiglo XVIII
_zFrancia
_98720
942 _2lcc
_cB
999 _c3027
_d3027